Unity or poverty? The economics of Pan-Africanism
Bewaard in:
| Hoofdauteur: | |
|---|---|
| Formaat: | Boek |
| Taal: | Undetermined |
| Gepubliceerd in: |
Harmondsworth
Penguin
1968
|
| Onderwerpen: | |
| Tags: |
Voeg label toe
Geen labels, Wees de eerste die dit record labelt!
|
| Thư viện lưu trữ: | Trung tâm Học liệu Trường Đại học Cần Thơ |
|---|
| LEADER | 00549nam a2200205Ia 4500 | ||
|---|---|---|---|
| 001 | CTU_96395 | ||
| 008 | 210402s9999 xx 000 0 und d | ||
| 082 | |a 338.96 | ||
| 082 | |b G795 | ||
| 100 | |a Green, Reginald H. | ||
| 245 | 0 | |a Unity or poverty? | |
| 245 | 4 | |b The economics of Pan-Africanism | |
| 245 | 0 | |c Reginald H. Green, Ann Seidman | |
| 260 | |a Harmondsworth | ||
| 260 | |b Penguin | ||
| 260 | |c 1968 | ||
| 650 | |a Economic integration | ||
| 650 | |z Africa | ||
| 904 | |i Giang | ||
| 980 | |a Trung tâm Học liệu Trường Đại học Cần Thơ | ||